LEADER 01441nam a2200301 u 4500 001 000000036328 003 CaOOAMICUS 005 20070226112703.0 008 980323s1993 it u000 u ita u 020 $a8834337433 035 $a10787006 040 $aPUL(R)$bita 245 03$aIl nuovo regime giuridico degli enti e dei beni ecclesiastici :$batti del Convegno di studi (Sassari, 5-7 ottobre 1989) /$ca cura di Annaluisa Casiraghi ; contributi di Enrico G. Vitali [et al.]. 260 $aMilano :$bVita e pensiero,$c1993. 300 $a251 p. ;$c22 cm 490 1 $aLe Api 504 $aBibliografia in nota. 650 4$aBeni ecclesiastici.$0(OLS)http://pul/subject/1129 700 1 $aCasiraghi, Annaluisa.$0(OLS)http://pul/name/27538 700 1 $aVitali, Enrico G.$0(OLS)http://pul/name/27539 710 2 $aCESEN (Centro studi sugli enti ecclesiastici).$0(OLS)http://pul/name/27163 830 3$aLe Api.$0(OLS)http://pul/title/7487 850 $aPUL 852 $aPUL$W1$xSL Diritto Canonico 3$y77$m262. 99 CAN.2 97$j49782$nBK-PRI$b $qDDC 21$B49782$CPULBib$Z2$F49782 $H74349 $82 941 1 $a9 996 $6020$a8834337433$9(OLS)http://pul/number/45590 996 $6245$aIl nuovo regime giuridico degli enti e dei beni ecclesiastici :$batti del Convegno di studi (Sassari, 5-7 ottobre 1989)$9(OLS)http://pul/title/49719 996 $6260$aMilano :$bVita e pensiero$9(OLS)http://pul/publisher/48016 LEADER 01342nam a2200313 u 4500 001 000000068193 003 CaOOAMICUS 005 20070226121754.0 008 020305s2000 it u000 u ita u 020 $a8876527702 035 $a10922652 040 $aPUL$bita 100 1 $aMeynet, Roland,$d1939-$0(OLS)http://pul/name/25475 245 10$aNorme tipografiche per la composizione dei testi con il computer /$cRoland Meynet. 250 $a5. ed. 260 $aRoma :$bGregorian University Press,$c2000. 300 $a43 p. ;$c23 cm 500 $aIn testa al front.: Pontificia Università Gregoriana. 504 $aBibliografia in nota. 650 4$aEditori ed editoria.$0(OLS)http://pul/subject/24437 710 2 $aPontificia Università Gregoriana.$0(OLS)http://pul/name/147 850 $aPUL 852 $aPUL$W1$xDP2 Cons. Gen., Altre Classi 3$y97$m006 MEYRO 1$j176909$nBK-PRI$b $qDDC 21$B88232$CPULBib$Z2$F88232 $H86779 $81 910 $aPontificia Universitas Gregoriana$9147 941 1 $a9 961 $aprecedente collocazione: Fil 222 996 $6020$a8876527702$9(OLS)http://pul/number/88349 996 $6245$aNorme tipografiche per la composizione dei testi con il computer$9(OLS)http://pul/title/90250 996 $6260$aRoma :$bGregorian University Press$9(OLS)http://pul/publisher/53856